| 000 | nam a22 a 4500 | ||
|---|---|---|---|
| 999 |
_c2614 _d2614 |
||
| 005 | 20170517121017.0 | ||
| 008 | 860106s1986 xxu ||b 001 ||eng | ||
| 020 | _a 0849332931 (v. 1 pt. 1) | ||
| 040 | _aAKMAL | ||
| 082 | _a615.363 JOS | ||
| 090 |
_a615.363 _bJOS |
||
| 245 |
_a CRC handbook of neurohypophyseal hormone analogs / _ceditors, Karel Jošt, Michal Lebl, František Brtník. Vol 1 pts 1-2 to vol 2 pts 1-2. |
||
| 260 |
_a Boca Raton, FL : _b CRC Press _c1987. |
||
| 300 | _ccm | ||
| 700 |
_a Brtník, František. _95454 |
||
| 942 |
_2ddc _cBOOK |
||